000 00942cam a2200157 4500500
005 20251214025931.0
041 _afre
042 _adc
100 1 0 _aClerc, Louis
_eauthor
245 0 0 _aExporting the North: A Double-Sided “Soft Power”
260 _c2025.
500 _a22
520 _aGreat powers do not have a monopoly over soft power: the Nordic countries also use their image to support their foreign policies. Through administrative organisations with a strong emphasis on cooperation with civil society, their public diplomacies have been set up in response to economic, foreign policy and identity concerns. However, this approach is likely to evolve as a result of divisions within the Nordic societies and changes in the international context.
786 0 _nPouvoirs | 195 | 4 | 2025-10-06 | p. 139-148 | 0152-0768
856 4 1 _uhttps://droit.cairn.info/journal-pouvoirs-2025-4-page-139?lang=en&redirect-ssocas=7080
999 _c1573204
_d1573204